000 00544nam a2200217 a 4500
999 _c6796
_d6796
001 6796
003 BD-JhCC
005 20180325110851.0
008 180130s1968 r a|||| || | 001 0 eng d
035 _a(BD-JhCC)6796
040 _aBD-JhCC
_dBD-JhCC
041 _aeng
082 _a531
_bTAR 1968
100 _aTarg, S.
245 _aTheoretical Mechanics :
_ba short course /
_cTarg, S.
260 _aRussia :
_bMir Publications,
_c1968
300 _a447 p. :
_c24 cm.
650 _aMechanics Analytic
942 _2ddc
_cBK